Страны из шести букв - Statistics

General Stats
  • This quiz has been taken 136 times
    135 since last reset
  • The average score is 15 of 30
Answer Stats
Часть света Страна % Correct
Европа Россия
78%
Европа Польша
71%
Европа Латвия
68%
Европа Италия
66%
Европа Швеция
66%
Северная Америка Канада
65%
Европа Греция
65%
Азия Турция
58%
Азия Япония
58%
Северная Америка Панама
57%
Африка Египет
55%
Азия Грузия
54%
Южная Америка Гайана
51%
Европа Монако
51%
Северная Америка Ямайка
49%
Европа Сербия
49%
Африка Ангола
48%
Африка Лесото
48%
Африка Руанда
46%
Океания Тувалу
46%
Африка Замбия
45%
Африка Сомали
45%
Европа Мальта
43%
Африка Гвинея
43%
Африка Уганда
43%
Азия Кувейт
42%
Азия Мьянма
34%
Африка Малави
34%
Азия Бруней
32%
Африка Гамбия
32%
No matching quizzes found
Score Distribution
Percent of People with Each Score
Percentile by Number Answered
Your Score History
You have not taken this quiz since the last reset